• 首页
  • 本馆介绍
  • 公告通知
  • 最新文献
  • 馆藏检索
  • 电子资源
  • 读者导购
  • 参考咨询
  • 我的图书馆
  • 登录
  • 详细信息显示
  • 放入我的书架
  • 预约/预借图书
  • 作者相关作品
  • 分类相关作品
  • 丛书相关作品
  • 出版社相关作品

书目信息

  • 表格格式
  • 工作单格式
  • 卡片格式
题名:
图解变频器从入门到精通
    
 
作者: 杨锐 主编 ;武汉工邺帮教育科技公司 组编
分册:  
出版信息: 武汉   华中科技大学出版社  2019
页数: 177页
开本: 26cm
丛书名:
单 册:
中图分类: TN773
科图分类:
主题词: 变频器--教材
电子资源:
ISBN: 978-7-5680-5299-3
000 01208nam0 2200253 450
001 012001000447
005 20140106092705.0
010    @a978-7-5680-5299-3@dCNY80.00
100    @a20190830d2019 em y0chiy50 ea
101 0  @achi
102    @aCN@b420000
105    @aa z 000yy
106    @ar
200 1  @a图解变频器从入门到精通@Atu jie bian pin qi cong ru men dao jing tong@e彩图版@f杨锐主编@g武汉工邺帮教育科技有限公司组编
210    @a武汉@c华中科技大学出版社@d2019
215    @a177页@d26cm
300    @a工业帮自动化系列培训教材
330    @a本书采用全彩图表详解的方法,详细讲解了中外10个品牌及型号变频器、PLC控制器的应用与参数设置方法,总结并提炼了变频器在设计及安装中的多种实用电路。详细地采用全彩图表介绍了每种变频器的接线端子的作用、面板的操作介绍及参数的设定方法、变频器采用面板控制、采用按钮直接端子控制变频器多段速及采用PLC控制变频器多段速、采用电位器直接模拟量控制变频器及采用PLC输出模拟量信号控制变频器、PLC与变频器的modbus及USS通讯控制。
606 0  @a变频器@j教材
690    @aTN773@v5
701  0 @a杨锐@Ayang rui@4主编
712 02 @a武汉工邺帮教育科技公司@Awu han gong ye bang jiao yu ke ji gong si@4组编
801  0 @aCN@b北京卓展文化@c20191020
905    @b1200460-3@dTN773@e110@f4
    
    图解变频器从入门到精通:彩图版/杨锐主编/武汉工邺帮教育科技有限公司组编.-武汉:华中科技大学出版社,2019
    177页;26cm
    工业帮自动化系列培训教材
    
    ISBN 978-7-5680-5299-3:CNY80.00
    本书采用全彩图表详解的方法,详细讲解了中外10个品牌及型号变频器、PLC控制器的应用与参数设置方法,总结并提炼了变频器在设计及安装中的多种实用电路。详细地采用全彩图表介绍了每种变频器的接线端子的作用、面板的操作介绍及参数的设定方法、变频器采用面板控制、采用按钮直接端子控制变频器多段速及采用PLC控制变频器多段速、采用电位器直接模拟量控制变频器及采用PLC输出模拟量信号控制变频器、PLC与变频器的modbus及USS通讯控制。
●
相关链接 在E读中查询图书 在五车中查询图书 在当当中查询图书 在豆瓣中查询图书


正题名:图解变频器从入门到精通     索取号:TN773/110         预约/预借

序号 登录号 条形码 馆藏地/架位号 状态 备注
1 1200460   212004604   第二样本阅览室/ [索取号:TN773/110] 在馆    
2 1200461   212004613   第三借阅区/ [索取号:TN773/110] 在馆    
3 1200462   212004622   第三借阅区/ [索取号:TN773/110] 在馆    
4 1200463   212004631   第三借阅区/ [索取号:TN773/110] 在馆    
唐山师范学院图书馆 欢迎您!
大连网信软件有限公司© 版权所有